Movies that Start with the letter F - Statistics

General Stats
  • This quiz has been taken 36 times
  • The average score is 6 of 20
Answer Stats
Description Movie % Correct
Forgetful blue fish begins a search for her long-lost parents Finding Dory
81%
Young man and woman decide to add sex to their friendship without becoming a couple Friends with benefits
65%
Group of astronauts gain superpowers after a cosmic radiation exposure Fantastic Four
61%
A non-player character takes the responsibility of saving the world Free Guy
61%
Several magical creatures escape from a magizoologist's suitcase Fantastic Beasts
58%
Driver and Car designer build a revolutionary race car for a company to beat its rival Ford vs Ferrari
48%
Grizzled tank commander makes tough decisions as he and his crew fight their way across Germany in WWII Fury
45%
Pragmatic US Marine observes the degenerating effects of the Vietnam War on his fellow recruits Full Metal Jacket
39%
Fledgling boxer tries to escape the shadow of his more famous but troubled older boxing brother Fighter, the
35%
Young lawyer joins a prestigious legal office only to discover that it has a sinister dark side Firm, the
32%
Child vanishes from a flying plane Flightplan
16%
People from different centuries search for the mythical Tree of Life that is said to bestow immortality Fountain, the
10%
Police detective attempts to stop a serial killer who is hunting down prostitutes From Hell
10%
Bedridden patient captivates a young girl with a fantastic mythical desert story Fall,the
6%
Family members swap bodies during a rare planetary alignment Family Switch
6%
After being told that their children never existed, a man and woman soon discover there is a much bigger enemy at work Forgotten, the
3%
Internet upstart's founders leak secret data and gain access to confidential documents Fifth Estate, the
0%
Posing as a priest, an American finds refuge in a church with a group of women Flowers of War, the
0%
Young writer who follows strangers for material meets a thief who takes him under his wing Following
0%
Rich man confesses after killing his wife and represents himself at the court Fracture
0%
No matching quizzes found
Score Distribution
Percent of People with Each Score
Percentile by Number Answered
Your Score History
You have not taken this quiz